000 00298nam a22001337a 4500
008 170529b xxu||||| |||| 00| 0 eng d
020 _a0870063376
041 _aeng
080 _a621
100 _a27
101 _aIM
245 _aAUTO MECHANICS FUNDAMENTALS
_cSTOCKEL.M.W
942 _2udc
_cBK
999 _c14701
_d14701